| 000 -LEADER |
| fixed length control field |
01384nam a22003857a 4500 |
| 001 - CONTROL NUMBER |
| control field |
4260497 |
| 003 - CONTROL NUMBER IDENTIFIER |
| control field |
OSt |
| 005 - DATE AND TIME OF LATEST TRANSACTION |
| control field |
20210421073928.0 |
| 008 - FIXED-LENGTH DATA ELEMENTS--GENERAL INFORMATION |
| fixed length control field |
841010s1985 paua b 001 0 eng c |
| 010 ## - LIBRARY OF CONGRESS CONTROL NUMBER |
| LC control number |
84023473 |
| 020 ## - INTERNATIONAL STANDARD BOOK NUMBER |
| International Standard Book Number |
0721611419 (pbk.) |
| 040 ## - CATALOGING SOURCE |
| Original cataloging agency |
DNLM/DLC |
| Transcribing agency |
DLC |
| Modifying agency |
eng |
| Language of cataloging |
eng |
| 041 ## - LANGUAGE CODE |
| Language code of text/sound track or separate title |
eng |
| 050 10 - LIBRARY OF CONGRESS CALL NUMBER |
| Classification number |
RT120.I5 |
| Item number |
C63 1985 |
| 060 ## - NATIONAL LIBRARY OF MEDICINE CALL NUMBER |
| Classification number |
WY 18 C7966 |
| 080 ## - UNIVERSAL DECIMAL CLASSIFICATION NUMBER |
| Universal Decimal Classification number |
618-08 |
| Item number |
A-43 |
| 082 00 - DEWEY DECIMAL CLASSIFICATION NUMBER |
| Classification number |
610.73/61 |
| Edition number |
19 |
| 245 00 - TITLE STATEMENT |
| Title |
Core curriculum for critical care nursing / |
| Statement of responsibility, etc. |
[the American Association of Critical-Care Nurses]. |
| Remainder of title |
/ by: W. B. Saunders Company |
| 250 ## - EDITION STATEMENT |
| Edition statement |
3rd edition |
| Remainder of edition statement |
editors, JoAnn Grif Alspach, Susan M. Williams. |
| 260 ## - PUBLICATION, DISTRIBUTION, ETC. |
| Place of publication, distribution, etc. |
Philadelphia : |
| Name of publisher, distributor, etc. |
W. B. Saunders Company |
| Date of publication, distribution, etc. |
1985. |
| 300 ## - PHYSICAL DESCRIPTION |
| Extent |
xxi, 697 p. : |
| Other physical details |
ill. ; |
| Dimensions |
26 cm. |
| 504 ## - BIBLIOGRAPHY, ETC. NOTE |
| Bibliography, etc. note |
Includes bibliographies and index. |
| 650 #0 - SUBJECT ADDED ENTRY--TOPICAL TERM |
| Topical term or geographic name entry element |
Intensive care nursing. |
| 650 #0 - SUBJECT ADDED ENTRY--TOPICAL TERM |
| Topical term or geographic name entry element |
Patient Care |
| 9 (RLIN) |
285 |
| 650 #2 - SUBJECT ADDED ENTRY--TOPICAL TERM |
| Topical term or geographic name entry element |
Critical Care |
| General subdivision |
nurses' instruction. |
| 650 #2 - SUBJECT ADDED ENTRY--TOPICAL TERM |
| Topical term or geographic name entry element |
Curriculum |
| General subdivision |
nurses' instruction. |
| 650 #2 - SUBJECT ADDED ENTRY--TOPICAL TERM |
| Topical term or geographic name entry element |
Education, Nursing |
| Geographic subdivision |
United States. |
| 653 ## - INDEX TERM--UNCONTROLLED |
| Uncontrolled term |
პაციენტის მოვლა |
| 653 ## - INDEX TERM--UNCONTROLLED |
| Uncontrolled term |
ექთნების განათლება |
| 700 1# - ADDED ENTRY--PERSONAL NAME |
| Personal name |
Alspach, JoAnn. |
| 700 1# - ADDED ENTRY--PERSONAL NAME |
| Personal name |
Williams, Susan M. |
| Fuller form of name |
(Susan Moore), |
| Dates associated with a name |
1942- |
| 710 2# - ADDED ENTRY--CORPORATE NAME |
| Corporate name or jurisdiction name as entry element |
American Association of Critical-Care Nurses. |
| 906 ## - LOCAL DATA ELEMENT F, LDF (RLIN) |
| a |
7 |
| b |
cbc |
| c |
orignew |
| d |
1 |
| e |
ocip |
| f |
19 |
| g |
y-gencatlg |
| 942 ## - ADDED ENTRY ELEMENTS (KOHA) |
| Source of classification or shelving scheme |
|
| Koha item type |
Books |
| Edition |
3 |